LEADER 01683nam 2200361 450 001 000017459 005 20051026093218.0 100 $a20040512d2000----km-y0itay0103----ba 101 0 $aita 102 $aIT 105 $a----m-------- 200 1 $aAspetti ormonali e nutrizionali nella regolazione dei processi produttivi in piante di olivo (Olea europaea L.) CV coratina$edissertazione finale$bTesi di dottorato$fcandidata: Assunta Maria Palese$gtutore: Cristos Xiloyannis$gcoordinatore del dottorato: Emanuele Tarantino 210 $aPotenza$d[2000] 215 $a1 v. (varie sequenze)$d30 cm. 328 1 $aTesi di dottorato: Università della Basilicata, Facoltà di scienze agrarie, Dipartimento di produzione vegetale, Dottorato di ricerca in produttività delle piante coltivate, 11. ciclo 606 $aPedologia 676 $a631.4$v(21. ed.)$9Pedologia 700 1$aPalese,$bMaria Assunta$0442416 801 0$aIT$bUniversità della Basilicata - B.I.A.$gRICA$2unimarc 912 $a000017459 996 $aAspetti ormonali e nutrizionali nella regolazione dei processi produttivi in piante di olivo (Olea europaea L.) CV coratina$985294 997 $aUNIBAS BAS $aAGRARIA CAT $aTORRE$b20$c20040512$lBAS01$h1038 CAT $c20050601$lBAS01$h1756 CAT $abatch$b01$c20050718$lBAS01$h1053 CAT $c20050718$lBAS01$h1112 CAT $c20050718$lBAS01$h1142 CAT $c20050718$lBAS01$h1157 CAT $aTTM$b30$c20050922$lBAS01$h1544 CAT $aTTM$b30$c20051026$lBAS01$h0932 FMT Z30 -1$lBAS01$LBAS01$mBOOK$1BASA2$APolo Tecnico-Scientifico$2TDO$BTesi di Dottorato$3TDA.11c.PM1$518562-10$820051010$f98$FConsultazione LEADER 01677nam0 22003733i 450 001 NAP0539426 005 20231121125601.0 010 $a9782728308750 100 $a20120611d2011 ||||0itac50 ba 101 | $afre 102 $ait 181 1$6z01$ai $bxxxe 182 1$6z01$an 200 1 $aTristes portiques$esur le plan canonique de la maison étrusque et romaine des origines au principat d'Auguste (6e-1er siècles av. J.-C.)$fpar Vincent Jolivet 210 $a[Roma]$cÉcole française de Rome$d2011 215 $aX, 343 p.$cill.$d29 cm 225 | $aBibliothèque des écoles françaises d'Athènes et de Rome$v342 300 $aBibliogr.: pp. 283-321 410 0$1001CFI0031223$12001 $aBibliothèque des écoles françaises d'Athènes et de Rome$v342$171202$aÉcole française de Rome$3CFIV017404 606 $aArchitettura romana$xSec. 6.-1. a. C.$2FIR$3RMLC362398$9N 606 $aArchitettura etrusca$xSec. 6.-1. a. C.$2FIR$3RMLC473567$9N 676 $a722.62$9Architettura etrusca.$v22 676 $a722.7$9Architettura romana.$v22 700 1$aJolivet$b, Vincent$3UBOV386992$0216405 801 3$aIT$bIT-01$c20120611 850 $aIT-RM028 $aIT-RM0211 $aIT-FR0017 899 $aBiblioteca Universitaria Alessandrina$bRM028 899 $aFondazione Marco Besso$bRM0211 899 $aBiblioteca umanistica Giorgio Aprea$bFR0017 $eN 912 $aNAP0539426 950 0$aBiblioteca umanistica Giorgio Aprea$d 52MAG 4/797$e 52SBA0000283085 VMN RS $fA $h20230418$i20230418 977 $a 01$a 14$a 52 996 $aTristes portiques$9260897 997 $aUNICAS